<?xml version="1.0" encoding="UTF-8"?>
<marc:record xmlns:marc="http://www.loc.gov/MARC21/slim">
   <marc:leader>00000nam a2200000 a 4500</marc:leader>
   <marc:datafield ind1="1" ind2=" " tag="100">
      <marc:subfield code="a">Ruch, Andreas</marc:subfield>
      <marc:subfield code="4">aut</marc:subfield>
      <marc:subfield code="e">Verfasser/-in</marc:subfield>
   </marc:datafield>
   <marc:datafield ind1="0" ind2="0" tag="245">
      <marc:subfield code="a">Die drei ??? und die Geisterfrau</marc:subfield>
   </marc:datafield>
   <marc:datafield ind1=" " ind2="1" tag="264">
      <marc:subfield code="b">Kosmos</marc:subfield>
      <marc:subfield code="c">2021</marc:subfield>
   </marc:datafield>
   <marc:datafield ind1="1" ind2=" " tag="490">
      <marc:subfield code="a">Die drei ???</marc:subfield>
   </marc:datafield>
   <marc:datafield ind1="1" ind2=" " tag="520">
      <marc:subfield code="a">Angaben aus der Verlagsmeldung  Die drei ??? und die Geisterfrau / von Andreas Ruch  Die drei ??? übernehmen jeden Fall. Das altehrwürdige Hotel Crowns Palace feiert sein 100-jähriges Jubiläum und viele Prominente sind zur Party eingeladen. Justus, Peter und Bob sollen Mr Andrews helfen, über die Veranstaltung zu berichten. Doch dann kommt alles ganz anders. Die drei ??? müssen einen Geist aufspüren und finden heraus, dass eine wertvolle Krone im Hotel nicht sicher ist ... Wer die geheimen Seiten öffnet, erfährt die ganze Wahrheit und ist den drei ??? schon einen Schritt voraus. Noch spannender: In diesem Fall kommen auch die Gegner der drei ??? zu Wort.</marc:subfield>
   </marc:datafield>
   <marc:datafield ind1="3" ind2=" " tag="024">
      <marc:subfield code="a">9783440170908</marc:subfield>
   </marc:datafield>
</marc:record>
